00313nam a2200109Ia 4500008004100000041000800041082001500049100001900064245004500083260004500128300003000173240624s9999 xx 000 0 und d aeng a658.15 SHA aSHAPIRO ALAN C aMODERN CORPORATE FINANCE MULTIDISCIPLINA c2003aNew DelhibPearson Education India axv, : 533 : p. : cm. ; 24